Anime 2010 bis 2022 - Statistiken

Allgemein
  • Dieses Quiz wurde 5 mal gespielt
  • Das Durchschnittsergebnis liegt bei 9 aus 45
Antwortstatistiken
Jahr Hinweis Antwort % Korrekt
2010 Verbotene Alchemie Fullmetal Alchemist
100%
2016 Lehrer töten Assassination Classroom
75%
2013 Der Angriff der Titanen Attack on Titan
75%
2016 Heldenschule My hero Academia
75%
2012 Gefangen in ein Videospiel Sword art online
75%
2019 Demonen töter/Rettung einer Schwester Demon Slayer
50%
2019 Steinszeit/Allwissender Dr.Stone
50%
2019 Feuerbekämpfung/Teufelbekämpfung Fire force
50%
2011 Seine reise begann mit einer wette(mit seiner Tante) Hunter x hunter
50%
2014 Spielewelt No Game no Life
50%
2015 Einsamer König/Yggdrasil Overlord
50%
2021 Legue of Legends/ Zwei ungleiche Schwestern Arcane
25%
2017 magierkönigAntimagie Black clover
25%
2018 Postapokalyptischen Zukunft/Roboter im paarweise steuern Darling in the Franxx
25%
2010 Unerwarteter Demonenkönig Demon KIng Daimao
25%
2013 Sportsommeraktivität(Freestyle) Free
25%
2012 Traum von haremkönig Highschool dxd
25%
2017 Versehlicher tod/Smartphone In another World with my smartphone
25%
2010 Am vormittag Schulsprächerin/am nachmittag arbeitet sie im Cafe Maid sama
25%
2022 Stärker als ein Held/Schließt pakte mit Tierwesen Beast tamer
0%
2011 Zwillingsbrüder von Satan(einer Kraftlos der andere die gesamte Kraft) Blue exorcist
0%
2020 Verteidigungsspäzalisten Bofuri
0%
2018 Fußballkapitän nr.10 Captain Tsubasa (2018)
0%
2013 Versiegelt Kräfte durch einen Kuss Date a Live
0%
2014 Der einsame König und sein Bauer Haikyuu
0%
2021 Unerwartetes Ehepaar/Unerwartetes Schuljahr Horimiya
0%
2022 Der letzte Held gibt sich als ein Demon aus I'm quitting heroing
0%
2021 Emotionsloser junge/Halbunsterblich Kemono Jihen
0%
2017 Robotervernatiker Knight's & Magic
0%
2012 Schattenspieler/Teamspieler Kurokos Basket
0%
2018 Letzte Stadt/Bestien bekämpfung Last hope
0%
2011 Mädchen gibt sich als männlichen Butler aus Mayo Chiki
0%
2018 Unerschütterliche Liebe/Verrat der Magier Record of Grancrest war
0%
2022 Schwert/Schwarze Katze Reincarnated as a Sword
0%
2015 Verlässt ihre Heimat findet die große Liebe/Rote Haare Snow white with the red hair
0%
2013 Blutpackte/Unsterblicher König Strike the Blood
0%
2018 Hat macht möchte aber faullenzen/Demonkönig That Time I got reincarnated as a Slime
0%
2022 Der Demonfürst begeht selbsmord und gehrt als Mensch nach 3000 Jahre zurück The greatest demonlord is reborn as a typical nobody
0%
2015 Nachfolger krieg The heroic legend of Arslan
0%
2014 Undercover Schüler/bruderkomplex The irregular at magic Highschool
0%
2020 Wiedergeborener Demonenkönig und des Helden als Demon(2000 Jahre später) The misfit of Demon King Academy
0%
2019 4 Helden The rising of trhe Shieldhero
0%
2015 Held beschützt die Tochter des Demonkönig The testament of sister new devil
0%
2016 Zukunftiges Ehepaar/Kampf gegen unreinewesen Twin star exorcist
0%
2019 Stärkster Magier/Magiestudien Wise Man Grandchild
0%
Keine übereinstimmenden Quizze gefunden
Verteilung der Resultate
Anzahl Personen mit jedem Resultat
Perzentil nach korrekt beantworteten Fragen
Ihre Resultats-Entwicklung
Sie haben dieses Quiz noch nicht gespielt